000 00737nam a2200217Ii 4500
003 JO-AjNU
008 230605s9999||||xx |||||||||||||| ||und||
017 _a2014/7/3561
040 _aJO-AjNU
_bara
_erda
_cJO-AjNU
041 _aara
050 1 4 _aBP134.P55.T34 2015
100 3 _aالطلافيح، خالد عبد الله,
_eauthor
_951191
245 0 0 _aالنباتات في الكتاب والسنة
250 _aط1
264 3 1 _aعمان: دار جليس الزمان، 2015
300 _a387ص
_bالمراجع ص 358-386
336 _atext
_btxt
_2rdacontent
337 _aunmediated
_bn
_2rdamedia
338 _avolume
_bnc
_2rdacarrier
650 4 _aالحديث- النباتات- القرآن والنباتات
_951192
999 _aA22596
_c26164
_d26164